| 000 | 00522nam a22001931a 4500 | ||
|---|---|---|---|
| 001 | 5466 | ||
| 003 | OSt | ||
| 005 | 20260204212015.0 | ||
| 008 | 060126s1995||||dr ||||||b||||||||||spa|| | ||
| 050 | _aRD 372.7 M469e | ||
| 100 | _aMedrano, Antonia | ||
| 245 | _aEnsalada de frutas / Antonia Medrano | ||
| 264 | _aSanto Domingo : Centro Poveda | ||
| 300 | _a59 p | ||
| 490 | _aCuaderno de sociedad y educación No. 4 | ||
| 650 | _a1.Matemática - Educación Primaria | ||
| 700 | _aValerio, Ana TeresaÌ | ||
| 942 |
_2ddc _cBK |
||
| 999 |
_c5466 _d5466 |
||